| 000 | 00704nam a22001937a 4500 | ||
|---|---|---|---|
| 003 | ASAB | ||
| 005 | 20180827062826.0 | ||
| 008 | 180504t xxu||||| |||| 00| 0 eng d | ||
| 040 | _cASAB | ||
| 082 | _aThesis 2010 HA | ||
| 100 |
_aHashaam Akhtar-sup-Dr. Ishtiaq Qadri _93754 |
||
| 245 |
_aTH-MS-Over Expression of Interleukin-29 (IL-29) or Interferon Lambda (IFN-λ) Protein in Escherichia coli (E.Coli) by using relative synonymous codon usage (RSCU) Technique _cHashaam Akhtar-sup-Dr. Ishtiaq Qadri |
||
| 250 | _a2010 | ||
| 260 |
_aIslamabad _bASAB (NCVI) NUST _c2010 |
||
| 300 | _a133 P | ||
| 630 |
_aVirology and Immunology _93755 |
||
| 630 |
_aHealthcare Biotechnology _93756 |
||
| 942 |
_2ddc _cTH |
||
| 999 |
_c480778 _d480778 |
||